Desdichas de la fortuna o Julianillo Valcárcel (Record no. 172620)

MARC details
000 -LEADER
campo de control de longitud fija 00983nam a2200277 i 4500
001 - NÚMERO DE CONTROL
campo de control 172620
003 - IDENTIFICADOR DE NÚMERO DE CONTROL
campo de control ES-MaACL
005 - FECHA Y HORA DE LA ÚLTIMA TRANSACCIÓN
campo de control 20240202163048.0
008 - DATOS DE LONGITUD FIJA--INFORMACIÓN GENERAL
campo de control de longitud fija 090730s1991 sp |||| | spa d
017 ## - NÚMERO DE COPYRIGHT O DE DEPÓSITO LEGAL
Número de copyright o de depósito legal M 32632-1991
020 ## - NÚMERO INTERNACIONAL ESTÁNDAR DEL LIBRO
Número Internacional Estándar del Libro 84-239-7236-4
080 ## - NÚMERO DE LA CLASIFICACIÓN DECIMAL UNIVERSAL
Número de la Clasificación Decimal Universal 821.134.2-23"19"
100 1# - ENTRADA PRINCIPAL--NOMBRE DE PERSONA
Nombre de persona Machado, Manuel,
Fechas asociadas al nombre 1874-1947
9 (RLIN) 75161
245 10 - MENCIÓN DEL TÍTULO
Título Desdichas de la fortuna o Julianillo Valcárcel
Resto del título ; Juan de Mañara /
Mención de responsabilidad, etc. Manuel y Antonio Machado ; edición, Dámaso Chicharro Chamorro.
246 10 - FORMA VARIANTE DEL TITULO
Título propio/Titulo breve Julianillo Valcárcel
260 ## - PUBLICACIÓN, DISTRIBUCIÓN, ETC.
Lugar de publicación, distribución, etc. Madrid :
Nombre del editor, distribuidor, etc. Espasa-Calpe,
Fecha de publicación, distribución, etc. 1991.
300 ## - DESCRIPCIÓN FÍSICA
Extensión 298 p. ;
Dimensiones 18 cm.
490 1# - MENCIÓN DE SERIE
Mención de serie Austral. Literatura ;
Designación de volumen o secuencia 236
504 ## - NOTA DE BIBLIOGRAFÍA, ETC.
Nota de bibliografía, etc. Bibliografía.
700 1# - ENTRADA AGREGADA--NOMBRE PERSONAL
Nombre de persona Machado, Antonio,
Fechas asociadas al nombre 1875-1939
9 (RLIN) 75151
700 1# - ENTRADA AGREGADA--NOMBRE PERSONAL
Nombre de persona Chicharro, Dámaso.
9 (RLIN) 141126
740 0# - ENTRADA AGREGADA--TÍTULO RELACIONADO/ANALÍTICO NO CONTROLADO
Título relacionado o analítico no controlado Juan de Mañara.
830 0# - PUNTO DE ACCESO ADICIONAL DE SERIE-TÍTULO UNIFORME
Título uniforme Austral. Literatura ;
Designación de volumen o secuencia 236
9 (RLIN) 223392
852 4# - LOCALIZACIÓN
Ubicación ES-MaACL
Número de control de estantería E-12926
itemnumber R.139242
Nota libre . - Biblioteca Jacinto Martínez Lacalle
Holdings
Estatus retirado Estado de pérdida Estado de daño No para préstamo Biblioteca de origen Biblioteca actual Ubicación en estantería Fecha de adquisición Fuente de adquisición Total de préstamos Signatura topográfica completa Código de barras Visto por última vez Precio de reemplazo Tipo de ítem Koha
        Biblioteca del Ateneo de Madrid Biblioteca del Ateneo de Madrid Depósito 2 30/07/2009     E-12926 1181149 23/02/2023 23/02/2023 Libro impreso